| 000 | 00595nam a2200181 a 4500 | ||
|---|---|---|---|
| 005 | 20210223122802.0 | ||
| 008 | 991125s1974 pyo 000 0 spa u | ||
| 035 | _aUPN01000041437 | ||
| 049 | _aCG | ||
| 050 | 4 |
_aDS934 K5 _bN6.78 |
|
| 245 | 0 | 0 | _aNo tenemos nada que envidiar en el mundo. |
| 260 |
_aPyongyang : _bLenguas Extranjeras, _c1974. |
||
| 300 | _a81 p. | ||
| 500 | _aA la cabeza de la portada : Instituto de Historia del Partido del C. C. Partido del trabajo de Corea | ||
| 600 | 1 | 4 |
_aKIMM IL, SUNG, _d1912- |
| 651 | 4 |
_aCOREA (NORTE) - _xCONDICIONES ECONOMICAS _97556 |
|
| 905 | _aLibro | ||
| 999 |
_c41437 _d41437 |
||